Modern compressible flow : with historical perspective / (Record no. 70423)
[ view plain ]
| 000 -LEADER | |
|---|---|
| fixed length control field | 00820cam a2200241 a 4500 |
| 001 - CONTROL NUMBER | |
| control field | 12728084 |
| 003 - CONTROL NUMBER IDENTIFIER | |
| control field | NUST - PNEC |
| 005 - DATE AND TIME OF LATEST TRANSACTION | |
| control field | 20170116181139.0 |
| 008 - FIXED-LENGTH DATA ELEMENTS--GENERAL INFORMATION | |
| fixed length control field | 020402s2003 maua b 001 0 eng |
| 010 ## - LIBRARY OF CONGRESS CONTROL NUMBER | |
| LC control number | 2002067852 |
| 020 ## - INTERNATIONAL STANDARD BOOK NUMBER | |
| International Standard Book Number | 0071006656 |
| 040 ## - CATALOGING SOURCE | |
| Transcribing agency | LIBRARY |
| 050 00 - LIBRARY OF CONGRESS CALL NUMBER | |
| Classification number | QA911 |
| Item number | .A6 2003 |
| 082 00 - DEWEY DECIMAL CLASSIFICATION NUMBER | |
| Classification number | 629.132323 AND |
| Edition number | 21 |
| 100 1# - MAIN ENTRY--PERSONAL NAME | |
| Personal name | Anderson, John D., |
| 245 10 - TITLE STATEMENT | |
| Title | Modern compressible flow : with historical perspective / |
| Statement of responsibility, etc. | John D. Anderson, Jr. |
| 250 ## - EDITION STATEMENT | |
| Edition statement | 2nd ed. |
| 300 ## - PHYSICAL DESCRIPTION | |
| Extent | xvi, 760 p. : |
| Other physical details | ill. ; |
| Dimensions | 25 cm. |
| 650 #0 - SUBJECT ADDED ENTRY--TOPICAL TERM | |
| Topical term or geographic name entry element | Fluid dynamics. |
| General subdivision | ME |
| 906 ## - LOCAL DATA ELEMENT F, LDF (RLIN) | |
| a | 7 |
| b | cbc |
| c | orignew |
| d | 1 |
| e | ocip |
| f | 20 |
| g | y-gencatlg |
| 942 ## - ADDED ENTRY ELEMENTS (KOHA) | |
| Source of classification or shelving scheme | |
| Koha item type | Book |
| Withdrawn status | Lost status | Source of classification or shelving scheme | Damaged status | Not for loan | Permanent Location | Current Location | Shelving location | Date acquired | Total Checkouts | Full call number | Barcode | Date last seen | Price effective from | Koha item type |
|---|---|---|---|---|---|---|---|---|---|---|---|---|---|---|
| Pakistan Navy Engineering College (PNEC) | Pakistan Navy Engineering College (PNEC) | 629.132323 AND | PNECLIB-025521 | 10/07/2015 | Book |
